Loading...
| Literature - European | 6 | 3 | 0 | 0 | 120 | 45 | 67.67 | 7 | 9 | 37.53 | 64.58 |
| Literature - British | 4 | 3 | 0 | 0 | 90 | 49 | 77.00 | 5 | 7 | 26.03 | 43.75 |
| Literature - American | 4 | 2 | 2 | 0 | 70 | 19 | 54.17 | 4 | 6 | 31.63 | 41.67 |
| Literature - World | 2 | 3 | 2 | 1 | 50 | 54 | 89.80 | 2 | 5 | 15.89 | 33.33 |
| Beliefs | 2 | 3 | 2 | 1 | 50 | 47 | 86.00 | 4 | 5 | 10.47 | 26.39 |
| Social Science | 2 | 3 | 3 | 1 | 45 | 34 | 71.20 | 4 | 4 | 11.39 | 23.61 |
| Fine Arts - Other Arts | 0 | 4 | 0 | 0 | 40 | 78 | 109.25 | 0 | 4 | 6.26 | 20.83 |
| Other Academic | 1 | 1 | 0 | 0 | 25 | 62 | 65.00 | 1 | 2 | 33.85 | 58.33 |
| Philosophy | 1 | 1 | 0 | 0 | 25 | 51 | 61.00 | 2 | 2 | 8.45 | 16.67 |
| Science - Chemistry | 0 | 2 | 0 | 1 | 20 | 94 | 110.50 | 1 | 2 | 2.44 | 14.58 |
| Science - Other | 0 | 2 | 0 | 0 | 20 | 73 | 74.50 | 2 | 2 | 7.00 | 16.67 |
| Visual Arts | 0 | 2 | 1 | 0 | 15 | 99 | 101.50 | 0 | 1 | 4.71 | 8.33 |
| History - European | 0 | 2 | 1 | 0 | 15 | 66 | 81.50 | 1 | 2 | 5.78 | 6.25 |
| History - World | 0 | 1 | 0 | 0 | 10 | 105 | 105.00 | 1 | 1 | 1.10 | 8.33 |
| History - Ancient | 0 | 1 | 0 | 0 | 10 | 69 | 69.00 | 1 | 1 | 7.68 | 16.67 |
| History - American | 0 | 1 | 0 | 0 | 10 | 106 | 106.00 | 0 | 1 | 1.84 | 2.08 |
| Auditory Arts | 0 | 1 | 0 | 1 | 10 | 135 | 135.00 | 1 | 1 | 0.12 | 8.33 |
| Science - Biology | 0 | 0 | 1 | 0 | -5 | 0.00 | 0 | 0 | 0.00 | 0.00 | |
| Science - Physics | 0 | 0 | 1 | 0 | -5 | 0.00 | 0 | 0 | 0.00 | 0.00 |